Lên một kế hoạch tiếp thị : Phong cách Che Guevara

保存先:
書誌詳細
第一著者: Levinson, Jay Conrad
その他の著者: Thái Hùng Tâm (Biên dịch)
フォーマット: 図書
言語:Vietnamese
出版事項: Trẻ 2003
タグ: タグ追加
タグなし, このレコードへの初めてのタグを付けませんか!
Thư viện lưu trữ: Mạng thư viện Đại học Đà Nẵng
LEADER 00728nam a2200265 4500
001 000020957
003 17404
005 20150330160326.0
008 150330s2003 viesd
020 |c 23000 
041 0 |a vie 
082 1 4 |a 658,84  |b LE-J 
100 1 |a Levinson, Jay Conrad 
245 1 0 |a Lên một kế hoạch tiếp thị : Phong cách Che Guevara  |c Jay Conrad Levinson ; Thái Hùng Tâm biên dịch 
260 |b Trẻ  |c 2003 
300 |a tr.  |c cm. 
700 1 |a Thái Hùng Tâm  |e Biên dịch 
OWN |a LSP 
999 |a From the UDN01 
TYP |a Monograph 
TYP |a Printed language 
980 |a Mạng thư viện Đại học Đà Nẵng